| 000 | 00339nam a2200121Ia 4500 | ||
|---|---|---|---|
| 008 | 210430s9999 xx 000 0 und d | ||
| 082 | _a333.95 K9255 A | ||
| 100 |
_aK.V.Krishnamurthy _913746 |
||
| 245 | 3 |
_aAn Advanced Textbook on Biodiversity _cK.V.Krishnamurthy |
|
| 260 |
_aIndia _bCo.pvt.Ltd _c2007 |
||
| 300 | _a260p | ||
| 942 |
_cBK _2ddc |
||
| 999 |
_c562592 _d562592 |
||